| 000 | 00467nam a22001817a 4500 | ||
|---|---|---|---|
| 005 | 20230118115712.0 | ||
| 008 | 200518b xxu||||| |||| 00| 0 eng d | ||
| 020 | _a9798189747069 | ||
| 041 | _aeng | ||
| 082 | _a615.85 | ||
| 100 |
_aPrabha, K Suria _95498 |
||
| 245 | _aPharmacy practice and Pathophysiology including Lab manual | ||
| 250 | _a5'th | ||
| 260 |
_aDelhi _bBirla Publication |
||
| 300 | _a364,xvi | ||
| 650 |
_aPharmacy _xD.PHARMA _97090 |
||
| 942 | _cBK | ||
| 999 |
_c6266 _d6264 |
||